A programmer´s Guide to C# 5.0.
Spremljeno u:
| Glavni autori: | , |
|---|---|
| Format: | Knjiga |
| Jezik: | engleski |
| Izdano: |
New York, United States of America:
Apress,
2012.
|
| Izdanje: | Fourth edition. |
| Teme: | |
| Oznake: |
Dodaj oznaku
Bez oznaka, Budi prvi tko označuje ovaj zapis!
|
MARC
| LEADER | 00000nam a22000007a 4500 | ||
|---|---|---|---|
| 003 | CL-VaPUC | ||
| 005 | 20250321101933.0 | ||
| 008 | 250124t2012 ||||| |||| 00| 0 eng d | ||
| 999 | |c 446812 |d 446810 | ||
| 020 | |a 978-1-4302-4594-0 | ||
| 040 | |c Pontificia Universidad Católica de Valparaíso | ||
| 082 | |2 22 |a 005.133 GUN 2012 | ||
| 100 | |9 895855 |a Gunnerson, Eric |e author | ||
| 245 | |a A programmer´s Guide to C# 5.0. | ||
| 250 | |a Fourth edition. | ||
| 260 | |a New York, United States of America: |b Apress, |c 2012. | ||
| 300 | |a xxxiii, 435 páginas. | ||
| 500 | |a c.1-2: Instituto Arcos. 08-01-2025 | ||
| 583 | |c 20250124 |k Yessy Sthefany Diaz Vidal | ||
| 650 | 0 | |9 387312 |a Software |x Lenguaje de programación |x C# (Computer program language) |v Guías, manuales, etc. | |
| 700 | |9 895856 |a Wienholt, Nick |e author | ||
| 942 | |2 ddc |c BK |n 0 | ||
| 952 | |0 0 |1 0 |2 ddc |4 0 |6 005_133000000000000_GUN_2012 |7 0 |8 A |9 599916 |a BIBINC |b BIBINC |d 2025-01-24 |e Instituto Arcos |i 5664793 |o 005.133 GUN 2012 |p 5664793 |r 2025-01-24 |t 1 |w 2025-01-24 |y BK |k IFP | ||
| 952 | |0 0 |1 0 |2 ddc |4 0 |6 005_133000000000000_GUN_2012 |7 0 |8 A |9 599917 |a BIBINC |b BIBINC |d 2025-01-24 |e Instituto Arcos |i 5664794 |l 1 |m 1 |o 005.133 GUN 2012 |p 5664794 |r 2025-04-14 |s 2025-03-31 |t 2 |w 2025-01-24 |y BK |k IFP | ||